[Event "AE Magdeburg-Eintracht Berlin"]
[Site "Greifswald"]
[Date "2017.09.07"]
[Round "1.1"]
[White "Zappe, Florian"]
[Black "Roseneck, Jonas"]
[Result "0-1"]
[WhiteElo "1699"]
[BlackElo "2134"]
[PlyCount "92"]
[EventDate "2017.??.??"]
[WhiteTeam "Eintracht Berlin"]
[BlackTeam "AE Magdeburg"]

1. d4 d5 2. Nf3 Nf6 3. e3 c5 4. b3 Bg4 5. Bb2 Nc6 6. dxc5 e6 7. Be2 Bxc5 8.
Nbd2 O-O 9. O-O Bd6 10. c4 Bc7 11. Rc1 Re8 12. cxd5 Nxd5 13. Rc4 Bh5 14. Rh4
Bg6 15. Bb5 e5 16. Bxc6 bxc6 17. e4 Nf4 18. Qc2 Re6 19. Nc4 Qd3 20. Qxd3 Nxd3
21. Bc3 Bd8 22. Rg4 h5 23. Rg3 Nf4 24. Re1 h4 25. Rg4 Bh5 26. Rxg7+ Kxg7 27.
Bxe5+ Rxe5 28. Nfxe5 c5 29. f3 Bf6 30. Rd1 Re8 31. Nc6 h3 32. g4 Bg6 33. Nd6
Re6 34. Kf1 a6 35. Kf2 Kf8 36. Kg3 Ne2+ 37. Kxh3 Nd4 38. e5 Rxd6 39. exd6 Nxc6
40. f4 Bc2 41. Rc1 Nd4 42. g5 Bg7 43. Kg4 Bf5+ 44. Kh5 Ne6 45. Rf1 Ke8 46. g6
fxg6+ 0-1

[Event "AE Magdeburg-Eintracht Berlin"]
[Site "Greifswald"]
[Date "2017.09.07"]
[Round "1.2"]
[White "Wagner, Benjamin"]
[Black "Straßburg, Robin Leonard"]
[Result "1-0"]
[WhiteElo "1988"]
[BlackElo "1630"]
[PlyCount "65"]
[EventDate "2017.??.??"]
[WhiteTeam "AE Magdeburg"]
[BlackTeam "Eintracht Berlin"]

1. e4 c5 2. Nf3 e6 3. d4 cxd4 4. Nxd4 a6 5. Bd3 Qc7 6. O-O b5 7. Be3 Bb7 8. Nc3
Nf6 9. f3 d5 10. exd5 Nxd5 11. Nxd5 Bxd5 12. Kh1 Bd6 13. Bxb5+ axb5 14. Nxb5
Qc6 15. Nxd6+ Qxd6 16. c4 O-O 17. cxd5 exd5 18. Qd2 Nd7 19. Rfd1 Nf6 20. b4
Rfe8 21. a4 Qc6 22. b5 Qc4 23. Qd4 Qb3 24. Bg5 Re2 25. Bxf6 gxf6 26. h3 Qc2 27.
a5 Rxg2 28. Rg1 Rxg1+ 29. Rxg1+ Kf8 30. Qxd5 Re8 31. Qd6+ Re7 32. Re1 Qc7 33.
Qxe7+ 1-0

[Event "AE Magdeburg-Eintracht Berlin"]
[Site "Greifswald"]
[Date "2017.09.07"]
[Round "1.3"]
[White "Schulz, Jannis"]
[Black "Hoffmann, Lennard"]
[Result "1/2-1/2"]
[WhiteElo "1553"]
[BlackElo "1957"]
[PlyCount "123"]
[EventDate "2017.??.??"]
[WhiteTeam "Eintracht Berlin"]
[BlackTeam "AE Magdeburg"]

1. e4 c5 2. d3 g6 3. Nc3 Bg7 4. Nge2 Nc6 5. g3 e6 6. Bg2 Nge7 7. Be3 b6 8. O-O
O-O 9. Qd2 Bb7 10. Bh6 a6 11. Bxg7 Kxg7 12. f4 b5 13. e5 Qb6 14. Ne4 Nf5 15.
Rad1 Nce7 16. Nf6 Bxg2 17. Kxg2 Qb7+ 18. Kh3 Nd5 19. Nxd5 Qxd5 20. Nc3 Qc6 21.
Ne4 h5 22. Qf2 Rac8 23. Rd2 Nh6 24. Qf3 Ng4 25. Nd6 Qxf3 26. Rxf3 Rc6 27. Kg2
f6 28. exf6+ Rxf6 29. Ne8+ Kf7 30. Nxf6 Nxf6 31. b3 b4 32. Rd1 d5 33. Rf2 d4
34. Ra1 Ng4 35. Re2 Ke7 36. h3 Ne3+ 37. Kf3 a5 38. a4 Kd6 39. Rae1 e5 40. Rg1
Kd5 41. fxe5 Kxe5 42. g4 h4 43. Rxe3+ dxe3 44. Kxe3 g5 45. Rf1 Re6 46. Rf5+
Kd6+ 47. Kd2 Re5 48. Rf7 Re6 49. Ra7 Kd5 50. Rxa5 Rf6 51. Ra8 Rf3 52. Rd8+ Kc6
53. Rc8+ Kb6 54. Rg8 Rxh3 55. Rxg5 Rg3 56. Rg6+ Ka5 57. c4 h3 58. Rh6 Rxg4 59.
Rxh3 Rg2+ 60. Kd1 Rg1+ 61. Kd2 Rg2+ 62. Kd1 1/2-1/2

[Event "AE Magdeburg-Eintracht Berlin"]
[Site "Greifswald"]
[Date "2017.09.07"]
[Round "1.4"]
[White "Delgado, Robin"]
[Black "Schulz, Maximilian"]
[Result "1-0"]
[WhiteElo "1685"]
[BlackElo "1505"]
[PlyCount "43"]
[EventDate "2017.??.??"]
[WhiteTeam "AE Magdeburg"]
[BlackTeam "Eintracht Berlin"]

1. e4 d5 2. exd5 Qxd5 3. Nc3 Qa5 4. d4 c6 5. Bc4 Nf6 6. Bd2 Qc7 7. Nf3 Bf5 8.
Ne5 e6 9. g4 Be4 10. Nxe4 Nxe4 11. Bf4 Bd6 12. Qf3 Nf6 13. Bg3 O-O 14. g5 Nd5
15. Ng4 Qa5+ 16. c3 Bxg3 17. hxg3 Nb6 18. Bd3 Qxg5 19. Bxh7+ Kh8 20. Ne5 Qf6
21. Bg6+ Kg8 22. Rh8+ 1-0

[Event "Mattnetz Berlin-Hamburger SK"]
[Site "Greifswald"]
[Date "2017.09.07"]
[Round "1.1"]
[White "Holinka, Henning"]
[Black "Verbitsky, Jaroslaw"]
[Result "1-0"]
[WhiteElo "2026"]
[BlackElo "1828"]
[PlyCount "62"]
[EventDate "2017.??.??"]
[WhiteTeam "Hamburger SK"]
[BlackTeam "Mattnetz Berlin"]

1. e4 c6 2. d4 d5 3. Nc3 dxe4 4. Nxe4 Bf5 5. Ng3 Bg6 6. Nh3 e6 7. Nf4 Nf6 8. h4
Bd6 9. h5 Bxf4 10. Bxf4 Bf5 11. Nxf5 Qa5+ 12. Qd2 Qxd2+ 13. Kxd2 Ne4+ 14. Ke3
exf5 15. f3 Nf6 16. Kf2 O-O 17. Re1 Nbd7 18. Bd3 g6 19. hxg6 fxg6 20. Re7 Rfe8
21. Bc4+ Kh8 22. Rxe8+ Rxe8 23. Bf7 Rg8 24. Bxg8 Kxg8 25. Re1 Kf7 26. Bd6 Ng8
27. c4 b6 28. a4 a5 29. c5 h6 30. d5 Nxc5 31. dxc6 Nd3+ 1-0

[Event "Mattnetz Berlin-Hamburger SK"]
[Site "Greifswald"]
[Date "2017.09.07"]
[Round "1.2"]
[White "Petersen, Marcel"]
[Black "Engel, Robert"]
[Result "0-1"]
[WhiteElo "1608"]
[BlackElo "2001"]
[PlyCount "98"]
[EventDate "2017.??.??"]
[WhiteTeam "Mattnetz Berlin"]
[BlackTeam "Hamburger SK"]

1. e4 c5 2. Nf3 d6 3. d4 cxd4 4. Nxd4 Nf6 5. Nc3 a6 6. Bc4 e6 7. f4 b5 8. Bd3
Be7 9. a3 Bb7 10. Be3 Nbd7 11. Nb3 Nc5 12. Nd2 d5 13. Bxc5 Bxc5 14. e5 Nd7 15.
Nf3 Nb6 16. Qd2 Nc4 17. Bxc4 dxc4 18. Rd1 Qc7 19. Ng5 O-O 20. Nge4 Rad8 21. Qe2
Rxd1+ 22. Kxd1 b4 23. axb4 Bxb4 24. Kc1 Qa5 25. Kb1 Bxe4 26. Nxe4 c3 27. Qc4
cxb2 28. Qa2 Qb5 29. Ng3 Qc5 30. Rf1 Rc8 31. Qb3 Qa5 32. Kxb2 Bc3+ 33. Kc1 Qa1+
34. Qb1 Qa3+ 35. Kd1 Rd8+ 36. Ke2 Rd2+ 37. Ke3 Bb4+ 38. Qb3 Qxb3+ 39. cxb3 Rxg2
40. Rd1 h6 41. Ne4 Rxh2 42. Rd8+ Kh7 43. Nd6 Rh3+ 44. Kd4 Rh4 45. Ke3 Kg6 46.
Rf8 Bc5+ 47. Kf3 Rh3+ 48. Kg2 Rxb3 49. Rxf7 Bxd6 0-1

[Event "Mattnetz Berlin-Hamburger SK"]
[Site "Greifswald"]
[Date "2017.09.07"]
[Round "1.3"]
[White "Foo, Tzun Hong"]
[Black "Stockter, Jasper Enno"]
[Result "1-0"]
[WhiteElo "1796"]
[BlackElo "1576"]
[PlyCount "71"]
[EventDate "2017.??.??"]
[WhiteTeam "Hamburger SK"]
[BlackTeam "Mattnetz Berlin"]

1. e4 e6 2. d4 d5 3. exd5 exd5 4. c4 Nc6 5. Be3 Nf6 6. Nc3 Bf5 7. Nf3 Be7 8.
Be2 O-O 9. O-O Nb4 10. Rc1 dxc4 11. Bxc4 c6 12. Ne5 Nbd5 13. Qf3 Be6 14. a3 Qc7
15. Bxd5 cxd5 16. Nxd5 Bxd5 17. Rxc7 Bxf3 18. Nxf3 Bd6 19. Rxb7 Rfb8 20. Rxb8+
Rxb8 21. Ne5 Rxb2 22. Nc4 Bxa3 23. Nxb2 Bxb2 24. Rb1 Ba3 25. Rb8+ Bf8 26. d5 g6
27. Bxa7 Kg7 28. Bd4 Bd6 29. Rb6 Be7 30. d6 Bd8 31. Rb8 Ba5 32. Ra8 Bd2 33. d7
Bb4 34. d8=Q Be7 35. Bxf6+ Kh6 36. Qd2+ 1-0

[Event "Mattnetz Berlin-Hamburger SK"]
[Site "Greifswald"]
[Date "2017.09.07"]
[Round "1.4"]
[White "Karge, Ole Jannes"]
[Black "Wolfram, Tom"]
[Result "0-1"]
[WhiteElo "1349"]
[BlackElo "1788"]
[PlyCount "66"]
[EventDate "2017.??.??"]
[WhiteTeam "Mattnetz Berlin"]
[BlackTeam "Hamburger SK"]

1. e4 e5 2. Nf3 Nc6 3. d4 exd4 4. Nxd4 Qf6 5. c3 Bc5 6. Be3 Nge7 7. Bc4 b6 8.
O-O Bb7 9. f4 O-O-O 10. Qd2 d6 11. b4 Bxd4 12. cxd4 d5 13. e5 Qe6 14. Bd3 Nf5
15. Rc1 Ncxd4 16. Bxd4 Nxd4 17. Qc3 Qc6 18. Qb2 Nf3+ 19. gxf3 Qd7 20. Qc2 Kb8
21. Nd2 g5 22. Bf5 Qe7 23. fxg5 Qxg5+ 24. Kf2 Qh4+ 25. Kg2 Rdg8+ 26. Kh1 Qf2
27. Bh3 d4 28. Qxc7+ Ka8 29. Qxf7 Rf8 30. Qh5 Qxd2 31. Rd1 Rxf3 32. Bg2 Rf1+
33. Rxf1 Qxg2# 0-1

[Event "Delmenhorster SK-Johanneum Eppendorf"]
[Site "Greifswald"]
[Date "2017.09.07"]
[Round "1.1"]
[White "Keyser, Philipp"]
[Black "Silber, Kevin"]
[Result "1-0"]
[WhiteElo "1968"]
[BlackElo "1993"]
[PlyCount "107"]
[EventDate "2017.??.??"]
[WhiteTeam "Johanneum Eppendorf"]
[BlackTeam "Delmenhorster SK"]

1. e4 e5 2. Nf3 Nc6 3. Bb5 f5 4. Nc3 fxe4 5. Nxe4 Nf6 6. Nxf6+ Qxf6 7. Qe2 Be7
8. Bxc6 bxc6 9. Nxe5 Qe6 10. d4 Bf6 11. Be3 O-O 12. Qc4 Qxc4 13. Nxc4 d6 14.
O-O-O Rb8 15. b3 Ba6 16. Nd2 Be2 17. Rde1 Bh5 18. Ne4 Bh4 19. Ng3 Bg6 20. Re2
Rbe8 21. Rhe1 Re7 22. Bd2 Ref7 23. f3 Bf6 24. Be3 d5 25. Bf2 Bg5+ 26. Kb1 Bf4
27. Nf1 Bd6 28. Bg3 Bb4 29. Rd1 Bf5 30. Kb2 Rc8 31. Be5 a5 32. a3 Bf8 33. h3
Bg6 34. f4 h5 35. g4 Rd8 36. f5 Bh7 37. Ne3 Rfd7 38. g5 g6 39. f6 c5 40. Rf2
cxd4 41. Nxd5 Bxa3+ 42. Kxa3 Rxd5 43. f7+ Kf8 44. Bf6 Rc8 45. Rxd4 Rb5 46. Rd7
Rf5 47. Re2 Rf3 48. Re8+ Rxe8 49. fxe8=Q+ Kxe8 50. Rxh7 c6 51. Rg7 Rxh3 52.
Rxg6 Kf7 53. Rg7+ Ke6 54. Re7+ 1-0

[Event "Delmenhorster SK-Johanneum Eppendorf"]
[Site "Greifswald"]
[Date "2017.09.07"]
[Round "1.2"]
[White "Steffens, Oliver"]
[Black "Keyser, Robin"]
[Result "0-1"]
[WhiteElo "1985"]
[BlackElo "1972"]
[PlyCount "70"]
[EventDate "2017.??.??"]
[WhiteTeam "Delmenhorster SK"]
[BlackTeam "Johanneum Eppendorf"]

1. e4 e6 2. d4 d5 3. Nd2 Be7 4. e5 c5 5. c3 Nc6 6. Ndf3 Nh6 7. Bxh6 gxh6 8. Bd3
cxd4 9. cxd4 Qa5+ 10. Kf1 Bd7 11. Ne2 Nb4 12. Bb1 Bb5 13. Kg1 Bxe2 14. Qxe2 Rc8
15. g3 Qa4 16. Kg2 Kd7 17. b3 Qc6 18. Bd3 a6 19. Rac1 Qxc1 20. Rxc1 Rxc1 21.
Qd2 Nxd3 22. Qxd3 Ra1 23. Qd2 Rc8 24. Ne1 Rac1 25. h4 h5 26. Kh2 b6 27. Qe2 a5
28. Nd3 R1c2 29. Qxh5 Rd2 30. Qxh7 Rc3 31. Nf4 Rxf2+ 32. Kh3 Rxf4 33. Qg8 Rff3
34. Qb8 Rxg3+ 35. Kh2 Rgd3 0-1

[Event "Delmenhorster SK-Johanneum Eppendorf"]
[Site "Greifswald"]
[Date "2017.09.07"]
[Round "1.3"]
[White "Liebert, Marcel"]
[Black "Petri, Ben-Luca"]
[Result "0-1"]
[WhiteElo "1257"]
[BlackElo "1779"]
[PlyCount "80"]
[EventDate "2017.??.??"]
[WhiteTeam "Johanneum Eppendorf"]
[BlackTeam "Delmenhorster SK"]

1. e4 e6 2. d4 d5 3. Nd2 dxe4 4. Nxe4 Nd7 5. Nf3 Ngf6 6. Ng3 Be7 7. Be3 b6 8.
Be2 Bb7 9. O-O O-O 10. Qd3 c5 11. dxc5 Nxc5 12. Qxd8 Rfxd8 13. Rfd1 Nd5 14. Bd4
Rac8 15. Rd2 Nf4 16. Bd1 f6 17. Be3 Nd5 18. Bd4 Kf7 19. c3 Nf4 20. Be3 Rxd2 21.
Bxd2 Nfd3 22. Rb1 Rd8 23. Be2 Bxf3 24. Bxf3 Ne5 25. Be3 Nxf3+ 26. gxf3 Nd3 27.
b3 g6 28. Rd1 Ne5 29. Rxd8 Bxd8 30. Kg2 Be7 31. Ne2 Nc6 32. Nd4 Nxd4 33. Bxd4
e5 34. Be3 Ke6 35. Kf1 Ba3 36. Ke2 f5 37. Bg5 Kd5 38. Kd3 e4+ 39. fxe4+ fxe4+
40. Ke3 Bc1+ 0-1

[Event "Delmenhorster SK-Johanneum Eppendorf"]
[Site "Greifswald"]
[Date "2017.09.07"]
[Round "1.4"]
[White "Sinnhöfer, Jonas"]
[Black "Soppe, Moritz"]
[Result "1-0"]
[WhiteElo "1870"]
[BlackElo "1051"]
[PlyCount "87"]
[EventDate "2017.??.??"]
[WhiteTeam "Delmenhorster SK"]
[BlackTeam "Johanneum Eppendorf"]

1. e4 e5 2. Nf3 Nc6 3. Bb5 Nf6 4. O-O Nxe4 5. d4 Nd6 6. dxe5 Nf5 7. Qd3 d6 8.
Re1 Be7 9. Nc3 O-O 10. a3 a6 11. Bc4 Re8 12. e6 fxe6 13. Rxe6 Bxe6 14. Bxe6+
Kh8 15. Bxf5 g6 16. Be4 Bf6 17. b3 Ne5 18. Nxe5 dxe5 19. Qxd8 Raxd8 20. Bxb7 a5
21. Be4 Re7 22. Be3 Red7 23. Kf1 Kg7 24. Ke2 h6 25. Rd1 Rxd1 26. Nxd1 Be7 27.
a4 g5 28. Nb2 Kf6 29. Bd2 Bb4 30. Bxb4 axb4 31. Nd3 Rb8 32. Bc6 Ke6 33. Bb5 Kd6
34. Nxb4 c5 35. Nd3 h5 36. Ke3 Rf8 37. f3 Kd5 38. a5 Rb8 39. a6 Kd6 40. c4 Kc7
41. Nxe5 Rg8 42. Bc6 Kb8 43. Bd5 Kc7 44. a7 1-0

[Event "Makkabi Rostock-Post SV Uelzen"]
[Site "Greifswald"]
[Date "2017.09.07"]
[Round "1.1"]
[White "von Estorff, Jacob"]
[Black "Schamber, Dennis"]
[Result "1-0"]
[WhiteElo "1886"]
[BlackElo "1696"]
[PlyCount "49"]
[EventDate "2017.??.??"]
[WhiteTeam "Post SV Uelzen"]
[BlackTeam "Makkabi Rostock"]

1. e4 c5 2. Nf3 e6 3. d4 cxd4 4. Nxd4 a6 5. Be3 Qc7 6. Nd2 Nf6 7. Bd3 Nc6 8.
O-O b5 9. c4 bxc4 10. Nxc4 Bb7 11. Nxc6 Bxc6 12. Rc1 d5 13. exd5 Nxd5 14. Be4
Rd8 15. Bxd5 Rxd5 16. Qc2 Bb5 17. Qb3 Bc5 18. a4 Bc6 19. Bxc5 Rxc5 20. Qb4 Rd5
21. Ne3 Rh5 22. h3 a5 23. Rxc6 Qxc6 24. Qb8+ Ke7 25. Qxh8 1-0

[Event "Makkabi Rostock-Post SV Uelzen"]
[Site "Greifswald"]
[Date "2017.09.07"]
[Round "1.2"]
[White "Petrow, Jonas"]
[Black "Knüdel, Torben"]
[Result "1/2-1/2"]
[WhiteElo "1647"]
[BlackElo "1837"]
[PlyCount "80"]
[EventDate "2017.??.??"]
[WhiteTeam "Makkabi Rostock"]
[BlackTeam "Post SV Uelzen"]

1. d4 Nf6 2. c4 e6 3. Nf3 d5 4. Bg5 Be7 5. Nc3 O-O 6. e3 Nbd7 7. Bd3 dxc4 8.
Bxc4 a6 9. O-O b5 10. Be2 Bb7 11. Rc1 Rc8 12. Qd2 c5 13. b3 Qb6 14. Qb2 Rfd8
15. Rfd1 cxd4 16. Rxd4 Qa5 17. b4 Qb6 18. Rcd1 Nf8 19. a4 h6 20. Bh4 Ng6 21.
axb5 Rxd4 22. Rxd4 Bxf3 23. gxf3 Nxh4 24. Rxh4 axb5 25. Nxb5 Nd5 26. Rg4 Bf6
27. Qa3 g6 28. Qa7 Qxa7 29. Nxa7 Rc1+ 30. Kg2 Rc2 31. Kf1 Rc1+ 32. Kg2 Rc2 33.
Kf1 h5 34. Rc4 Rxc4 35. Bxc4 Nxb4 36. Nb5 Nc6 37. Nd6 Be5 38. Ne4 Kf8 39. h3
Ne7 40. Nc5 Bg7 1/2-1/2

[Event "Makkabi Rostock-Post SV Uelzen"]
[Site "Greifswald"]
[Date "2017.09.07"]
[Round "1.3"]
[White "Askerov, Imamali"]
[Black "Elsken Sicard, Fabian"]
[Result "1/2-1/2"]
[WhiteElo "1810"]
[BlackElo "1326"]
[PlyCount "52"]
[EventDate "2017.??.??"]
[WhiteTeam "Post SV Uelzen"]
[BlackTeam "Makkabi Rostock"]

1. e4 c5 2. Nf3 e6 3. d4 cxd4 4. Nxd4 a6 5. Bd3 Qc7 6. O-O Nc6 7. Nxc6 dxc6 8.
Nc3 Nf6 9. Be3 Be7 10. Kh1 e5 11. h3 h5 12. Qe2 Rb8 13. a4 b5 14. axb5 axb5 15.
f4 Bd6 16. f5 Bb7 17. Rfd1 b4 18. Na4 c5 19. Bf2 Ke7 20. b3 Ra8 21. Qe3 Rhc8
22. Re1 Ba6 23. Nb2 Bxd3 24. Qxd3 Qc6 25. Rad1 Rd8 26. Qc4 Rac8 1/2-1/2

[Event "Makkabi Rostock-Post SV Uelzen"]
[Site "Greifswald"]
[Date "2017.09.07"]
[Round "1.4"]
[White "Tovmasyan, Minas"]
[Black "Rothenberg, Jannik"]
[Result "0-1"]
[WhiteElo "1313"]
[BlackElo "1783"]
[PlyCount "110"]
[EventDate "2017.??.??"]
[WhiteTeam "Makkabi Rostock"]
[BlackTeam "Post SV Uelzen"]

1. d4 c5 2. d5 d6 3. c4 g6 4. Nc3 Bg7 5. e4 e6 6. Bd3 Ne7 7. Nge2 O-O 8. O-O
exd5 9. exd5 Bf5 10. Ng3 Bxd3 11. Qxd3 Nd7 12. Rb1 Ne5 13. Qe4 f5 14. Qe2 f4
15. Nge4 f3 16. gxf3 Nxf3+ 17. Kh1 Nxd5 18. Rg1 Nxg1 19. Kxg1 Nxc3 20. bxc3 Qd7
21. Be3 Rae8 22. Qc2 Qg4+ 23. Ng3 b6 24. Rd1 Qxc4 25. Rxd6 Qxc3 26. Qxc3 Bxc3
27. Rd7 Rf7 28. Rd3 Bg7 29. a4 Rc7 30. Kf1 Kf7 31. Bf4 Be5 32. Be3 c4 33. Rd2
c3 34. Rc2 Rc4 35. a5 bxa5 36. Ke2 Rd8 37. Nf1 a4 38. Bxa7 a3 39. Be3 Rb4 40.
Bc1 Rb2 41. Bxb2 axb2 42. Rxb2 cxb2 43. Nd2 Rxd2+ 44. Kxd2 b1=Q 45. Ke2 Qe4+
46. Kd2 Ke6 47. f3 Bf4+ 48. Kc3 Qe3+ 49. Kc4 Be5 50. f4 Qd4+ 51. Kb3 Qc3+ 52.
Ka4 Qb2 53. fxe5 Kd5 54. e6 Kc5 55. e7 Qb4# 0-1

[Event "Stader SV-Lübecker SV"]
[Site "Greifswald"]
[Date "2017.09.07"]
[Round "1.1"]
[White "Nassat, Vitus"]
[Black "Bargsten, Justus"]
[Result "1-0"]
[WhiteElo "1685"]
[BlackElo "1890"]
[PlyCount "91"]
[EventDate "2017.??.??"]
[WhiteTeam "Lübecker SV"]
[BlackTeam "Stader SV"]

1. e4 e5 2. Nf3 Nc6 3. d4 exd4 4. Nxd4 Bc5 5. Nb3 Bb6 6. Nc3 d6 7. Be2 Qf6 8.
O-O Nge7 9. Bg4 Be6 10. Kh1 Ne5 11. Be2 h5 12. h3 Qh4 13. Nd4 Bxd4 14. Qxd4
Bxh3 15. Qe3 Be6+ 16. Kg1 Ng4 17. Qh3 Qxh3 18. gxh3 Nf6 19. Kh2 O-O-O 20. Be3
a6 21. b4 d5 22. e5 Nd7 23. f4 Nf5 24. Bf2 g5 25. b5 a5 26. fxg5 Nxe5 27. a4 b6
28. Rad1 h4 29. Rg1 Ng6 30. Bg4 Nfe7 31. Rde1 Rd6 32. Bd4 Re8 33. Rgf1 Bxg4 34.
hxg4 Re6 35. Rd1 Ne5 36. Kh3 Rd8 37. Kxh4 Nc4 38. Rxf7 Ne3 39. Rd2 Ng6+ 40. Kg3
Rd7 41. Rf3 Nc4 42. Rdf2 Nge5 43. Rf6 Re8 44. Rf8 Kd8 45. Rxe8+ Kxe8 46. Re2
1-0

[Event "Stader SV-Lübecker SV"]
[Site "Greifswald"]
[Date "2017.09.07"]
[Round "1.2"]
[White "Hammann, Moritz"]
[Black "Mundt, Alexandra"]
[Result "1-0"]
[WhiteElo "1708"]
[BlackElo "1573"]
[PlyCount "75"]
[EventDate "2017.??.??"]
[WhiteTeam "Stader SV"]
[BlackTeam "Lübecker SV"]

1. e4 e5 2. Nf3 Nf6 3. Nxe5 d6 4. Nf3 Nxe4 5. Be2 Be7 6. O-O O-O 7. d4 d5 8. c4
dxc4 9. Bxc4 Bg4 10. Nc3 Nf6 11. Be3 Nc6 12. Be2 a6 13. a3 Nd5 14. Rc1 Re8 15.
Nxd5 Qxd5 16. Qd2 Rad8 17. Rfd1 Qd7 18. d5 Bxf3 19. Bxf3 Ne5 20. Be2 Bd6 21. h3
Ng6 22. Bg4 Qe7 23. Bg5 f6 24. Be6+ Kh8 25. Be3 Nf8 26. Bg4 Qe5 27. g3 h5 28.
Bf4 Qe4 29. Bxh5 g6 30. Bxd6 cxd6 31. Re1 Qa4 32. Qh6+ Nh7 33. Bxg6 Rxe1+ 34.
Rxe1 Qd7 35. Bxh7 Qxh7 36. Qxf6+ Qg7 37. Qxd8+ Qg8 38. Re8 1-0

[Event "Stader SV-Lübecker SV"]
[Site "Greifswald"]
[Date "2017.09.07"]
[Round "1.3"]
[White "Kloerss, Knut"]
[Black "Kowalski, Ben Wito"]
[Result "1-0"]
[WhiteElo "1511"]
[BlackElo "1602"]
[PlyCount "61"]
[EventDate "2017.??.??"]
[WhiteTeam "Lübecker SV"]
[BlackTeam "Stader SV"]

1. e4 e6 2. d4 d5 3. Nc3 Nf6 4. e5 Nfd7 5. f4 a6 6. Bd3 c5 7. Nce2 c4 8. Nf3
cxd3 9. Qxd3 Nc6 10. c3 f6 11. O-O fxe5 12. fxe5 Be7 13. Nf4 Nb6 14. Nh3 O-O
15. Nhg5 Bxg5 16. Nxg5 Rxf1+ 17. Qxf1 Qe8 18. b3 Qg6 19. Ba3 Bd7 20. Qf4 h6 21.
Nh3 Qd3 22. Bc5 Nc8 23. Rf1 Qf5 24. Qg3 Qh5 25. Rf8+ Kh7 26. Qd3+ Qg6 27. Rh8+
Kxh8 28. Qxg6 b6 29. Ba3 b5 30. Nf4 Nd8 31. Nh5 1-0

[Event "Stader SV-Lübecker SV"]
[Site "Greifswald"]
[Date "2017.09.07"]
[Round "1.4"]
[White "Ahlf, Nico"]
[Black "Schnell, Fabian"]
[Result "0-1"]
[WhiteElo "1606"]
[BlackElo "1225"]
[PlyCount "64"]
[EventDate "2017.??.??"]
[WhiteTeam "Stader SV"]
[BlackTeam "Lübecker SV"]

1. d4 d5 2. Nf3 Nf6 3. Bf4 Bf5 4. e3 e6 5. c4 c6 6. Nc3 Be7 7. Be2 O-O 8. O-O
c5 9. Rc1 cxd4 10. exd4 dxc4 11. Bxc4 Nc6 12. d5 exd5 13. Nxd5 Nxd5 14. Qxd5
Qc8 15. Qb5 Be4 16. Be2 Qg4 17. Bg3 Nd8 18. Qc4 Bxf3 19. Bxf3 Qxc4 20. Rxc4 Bf6
21. Rc7 Bxb2 22. Bxb7 Rb8 23. Bd5 Rb5 24. Bb3 a5 25. h3 g6 26. Re1 Ba3 27. Rc8
Nb7 28. Ree8 Rxe8 29. Rxe8+ Kg7 30. Be5+ Kh6 31. Bxf7 Bd6 32. Bd4 Rb1+ 0-1

[Event "Doppelbauer Kiel-SC Kreuzberg"]
[Site "Greifswald"]
[Date "2017.09.07"]
[Round "1.1"]
[White "Dathe, Frederick"]
[Black "Arndt, Magnus"]
[Result "1/2-1/2"]
[WhiteElo "1833"]
[BlackElo "2055"]
[PlyCount "126"]
[EventDate "2017.??.??"]
[WhiteTeam "SC Kreuzberg"]
[BlackTeam "Doppelbauer Kiel"]

1. Nf3 Nf6 2. g3 d5 3. Bg2 c6 4. d3 Bf5 5. O-O e6 6. Nbd2 h6 7. Qe1 Be7 8. e4
Bh7 9. Qe2 O-O 10. Ne1 c5 11. a4 Nc6 12. c3 Rc8 13. f4 c4 14. d4 Nxe4 15. Nxe4
dxe4 16. Bxe4 Bxe4 17. Qxe4 Bf6 18. Nf3 Qd5 19. Qxd5 exd5 20. Ne5 Bxe5 21. fxe5
b6 22. Be3 Nd8 23. Rf2 Ne6 24. Raf1 Rc7 25. g4 a6 26. h4 Rb7 27. h5 Ra8 28. Rg2
b5 29. axb5 axb5 30. g5 hxg5 31. Bxg5 Kh7 32. Be3 Ra2 33. Rff2 Raa7 34. Rg3 b4
35. Rgf3 bxc3 36. bxc3 Kg8 37. Kg2 Ra3 38. Bd2 Ra2 39. Kg3 Rc2 40. Kg2 Rbb2 41.
Be3 Rxf2+ 42. Rxf2 Rb3 43. Rc2 Nc7 44. Bd2 Nb5 45. Kf2 Kh7 46. Ra2 Nxc3 47.
Bxc3 Rxc3 48. Ra5 Rd3 49. Rxd5 c3 50. Rc5 Rxd4 51. Rxc3 Rh4 52. Rf3 Rxh5 53.
Rxf7 Rxe5 54. Kg3 Ra5 55. Kg4 Kh6 56. Rc7 Ra4+ 57. Kg3 g6 58. Rc6 Kh5 59. Rc8
Ra3+ 60. Kg2 g5 61. Rc4 g4 62. Rc2 Kh4 63. Kh2 Rb3 1/2-1/2

[Event "Doppelbauer Kiel-SC Kreuzberg"]
[Site "Greifswald"]
[Date "2017.09.07"]
[Round "1.2"]
[White "Günther, Emil"]
[Black "Rose, Luis Stratos"]
[Result "1-0"]
[WhiteElo "1574"]
[BlackElo "1703"]
[PlyCount "147"]
[EventDate "2017.??.??"]
[WhiteTeam "Doppelbauer Kiel"]
[BlackTeam "SC Kreuzberg"]

1. c4 g6 2. g3 d6 3. Bg2 Bg7 4. Nf3 Nf6 5. O-O O-O 6. Nc3 c6 7. d4 Nbd7 8. b3
c5 9. Bb2 a6 10. e3 Rb8 11. Qe2 b5 12. cxb5 axb5 13. Nxb5 Ba6 14. a4 Bxb5 15.
axb5 Qb6 16. dxc5 dxc5 17. Ne5 Nxe5 18. Bxe5 Qxb5 19. Qxb5 Rxb5 20. Ra7 e6 21.
Rb7 Rxb7 22. Bxb7 Rd8 23. Rc1 Ne8 24. Bxg7 Kxg7 25. Rxc5 Nd6 26. Bf3 Rb8 27.
Rc6 Nf5 28. Rc3 Kf6 29. Kf1 Nd6 30. Ke2 Rb4 31. Bc6 e5 32. f3 Ke6 33. Kd3 f5
34. Kc2 e4 35. f4 h6 36. h4 Kf6 37. Ba4 Rb6 38. Rc6 Rxc6+ 39. Bxc6 g5 40. h5
gxf4 41. gxf4 Ke7 42. Kc3 Nc8 43. Kd4 Kd6 44. Ba4 Ne7 45. Be8 Ng8 46. Bg6 Ne7
47. Bh7 Nc6+ 48. Kc4 Ne7 49. Kb5 Ke6 50. Kc5 Kf6 51. Kd6 Nc8+ 52. Kc7 Ne7 53.
Kd6 Nc8+ 54. Kc5 Ne7 55. b4 Kg7 56. Kd6 Nc8+ 57. Kd7 Nb6+ 58. Kc6 Nc8 59. Kc7
Ne7 60. Kd6 Nc8+ 61. Kd7 Nb6+ 62. Kc6 Nc8 63. Bg6 Ne7+ 64. Kd6 Nxg6 65. hxg6 h5
66. b5 h4 67. b6 h3 68. b7 h2 69. b8=Q h1=Q 70. Qe8 Qh6 71. Qf7+ Kh8 72. Qh7+
Qxh7 73. gxh7 Kxh7 74. Ke5 1-0

[Event "Doppelbauer Kiel-SC Kreuzberg"]
[Site "Greifswald"]
[Date "2017.09.07"]
[Round "1.4"]
[White "Jüngerich, Robin"]
[Black "Hecht, Jonas Christian"]
[Result "0-1"]
[WhiteElo "986"]
[BlackElo "1567"]
[PlyCount "92"]
[EventDate "2017.??.??"]
[WhiteTeam "Doppelbauer Kiel"]
[BlackTeam "SC Kreuzberg"]

1. d4 d5 2. c4 e6 3. Nc3 Nf6 4. e3 c6 5. Nf3 Nbd7 6. Bd3 Be7 7. O-O O-O 8. a3
dxc4 9. Bxc4 Nb6 10. Bd3 Nbd5 11. e4 Nb6 12. b4 Re8 13. h3 Bf8 14. Bb2 g6 15.
Bc1 Bg7 16. Bg5 Qd7 17. b5 h6 18. Be3 Rd8 19. Qd2 c5 20. Bxh6 Bh8 21. Bg5 cxd4
22. Ne2 Re8 23. e5 Nh7 24. Bh4 Nd5 25. Nexd4 Ne7 26. Rfe1 Nf5 27. Nxf5 exf5 28.
a4 Qd5 29. Bg3 Rd8 30. Rad1 Be6 31. Bc2 Qa2 32. Qxd8+ Rxd8 33. Rxd8+ Nf8 34.
Rd2 Qc4 35. Red1 Bg7 36. h4 Bh6 37. Ng5 Bxg5 38. hxg5 Qc5 39. Kh2 Qb4 40. f4
Qc3 41. Bf2 Qc4 42. g3 b6 43. Rc1 Qc3 44. Rdd1 Qf3 45. Rf1 Bd5 46. Rg1 Qh5# 0-1

[Event "USV Halle-Peiner SV"]
[Site "Greifswald"]
[Date "2017.09.07"]
[Round "1.1"]
[White "Kück, Artur"]
[Black "Perekhozhuk, Maksym"]
[Result "1-0"]
[WhiteElo "1720"]
[BlackElo "1922"]
[PlyCount "65"]
[EventDate "2017.??.??"]
[WhiteTeam "Peiner SV"]
[BlackTeam "USV Halle"]

1. e4 c5 2. Nf3 d6 3. Bb5+ Bd7 4. Bxd7+ Nxd7 5. c4 Ngf6 6. Nc3 g6 7. O-O Bg7 8.
d3 O-O 9. h3 a6 10. Be3 Rb8 11. a4 Qc7 12. Qd2 Rfd8 13. Rfb1 b6 14. b4 cxb4 15.
Rxb4 Nc5 16. Rab1 Rb7 17. Nd4 Nfd7 18. Nd5 Qb8 19. Nxe7+ Kh8 20. Ndc6 Qc7 21.
Nxd8 Qxd8 22. Nd5 a5 23. Rb5 Qb8 24. f3 Ne5 25. Bxc5 dxc5 26. Rxb6 Ng4 27. hxg4
Bd4+ 28. Kf1 Rxb6 29. Rxb6 Qh2 30. Ne3 Qh1+ 31. Ke2 Bxe3 32. Qxe3 Qxg2+ 33. Qf2
1-0